| 000 | 00430nam a22001697a 4500 | ||
|---|---|---|---|
| 005 | 20260413163304.0 | ||
| 008 | 160629b xxu||||| |||| 00| 0 eng d | ||
| 020 | _a978-81-317-2766-9 | ||
| 041 | _aeng | ||
| 082 | _a001.076 | ||
| 100 |
_a2Thorpe, Edgar and Showick, thorpe _98994 |
||
| 245 | _aConcise General Knowledge Manual (2010) | ||
| 260 |
_bPearson _c2010 |
||
| 300 | _a13.121 | ||
| 650 |
_aKnowledge _98995 |
||
| 942 | _cBK | ||
| 999 |
_c4662 _d4660 |
||